20 nữ nhân Trung Quốc
Giới thiệu về tiểu sử tác phẩm thơ văn của 20 nữ nhân Trung Quốc.
Đã lưu trong:
| Tác giả chính: | |
|---|---|
| Định dạng: | Sách |
| Ngôn ngữ: | Vietnamese |
| Năm xuất bản: |
H.
Văn hóa thông tin
1998
|
| Chủ đề: | |
| Tags: |
Thêm thẻ
Không có thẻ, Hãy là người đầu tiên gắn thẻ bản ghi này!
|
| LEADER | 01031nam a2200265 a 4500 | ||
|---|---|---|---|
| 001 | vtls000002582 | ||
| 003 | VRT | ||
| 005 | 20161004094655.0 | ||
| 008 | 041025 2000 vm g 000 vie d | ||
| 039 | 9 | |a 201211301057 |b Hanh |c 201211301054 |d Hanh |c 200812221408 |d quynh |c 200804211400 |d quynh | |
| 040 | |a TVTTHCM |e AACR2. | ||
| 082 | 0 | 4 | |a 895.13 |b B510H |
| 100 | 1 | |a Bùi Hạnh Cẩn | |
| 245 | 1 | 0 | |a 20 nữ nhân Trung Quốc |c Bùi Hạnh Cẩn biên soạn |
| 260 | |a H. |b Văn hóa thông tin |c 1998 | ||
| 300 | |a 259 tr. |c 19 cm | ||
| 520 | |a Giới thiệu về tiểu sử tác phẩm thơ văn của 20 nữ nhân Trung Quốc. | ||
| 650 | 4 | |a Văn học | |
| 653 | |a Văn học | ||
| 653 | |a Trung Quốc | ||
| 653 | |a Truyện lịch sử | ||
| 942 | |2 ddc |c SH | ||
| 949 | |6 100001132 | ||
| 999 | |c 2923 |d 2923 | ||
| 952 | |0 0 |1 0 |2 ddc |4 0 |6 895_130000000000000_B510H |7 0 |8 800 |9 61714 |a qbu |b qbu |c D5 |d 2015-01-21 |g 29700 |l 2 |o 895.13 B510H |p 4026.c1 |r 2019-10-11 |s 2019-10-11 |w 2015-01-21 |y SH |0 0 |6 895_130000000000000_B510H |0 0 |6 895_130000000000000_B510H | ||